Wprowadzenie do prawa europejskiego

Saved in:
Bibliographic Details
Main Author: Knypl, Zenon
Format: Book
Language:Polish
Published: Warszawa Centrum Europejskie Uniwersytetu Warszawskiego 1997
Series:Podreczniki i skrypty
Subjects:
Tags: Add Tag
No Tags, Be the first to tag this record!

MARC

LEADER 00000nam a2200000 4500
001 c117891
005 20221124075045.4
020 |a 83-901768-2-3 
041 0 |a pol 
044 |a PL 
245 1 0 |a Wprowadzenie do prawa europejskiego  |c Zenon Knypl 
264 1 |a Warszawa  |b Centrum Europejskie Uniwersytetu Warszawskiego  |c 1997 
300 |a 164 s. 
490 1 |a Podreczniki i skrypty 
830 0 |a Podreczniki i skrypty 
610 2 0 |a právo 
610 2 0 |a integrácia ekonomická medzinárodná 
610 2 0 |a organizácie medzinárodné 
610 2 0 |a parlamenty 
610 2 0 |a Európske spoločenstvá 
610 2 0 |a Európska únia 
610 2 0 |a Európa 
100 1 |a Knypl, Zenon